Geriatric Symptom Assessment and Management (Record no. 855)

000 -LEADER
fixed length control field 00559nam a22002057a 4500
003 - CONTROL NUMBER IDENTIFIER
control field OSt
005 - DATE AND TIME OF LATEST TRANSACTION
control field 20210426093856.0
008 - FIXED-LENGTH DATA ELEMENTS--GENERAL INFORMATION
fixed length control field 201229s1998 ||||| |||| 00| 0 eng d
020 ## - INTERNATIONAL STANDARD BOOK NUMBER
Terms of availability 0815126980
040 ## - CATALOGING SOURCE
Original cataloging agency eng
Language of cataloging eng
Transcribing agency DLC
041 ## - LANGUAGE CODE
Language code of text/sound track or separate title eng
080 ## - UNIVERSAL DECIMAL CLASSIFICATION NUMBER
Universal Decimal Classification number 612.67
Item number F-66
100 ## - MAIN ENTRY--PERSONAL NAME
9 (RLIN) 637
Personal name Fletcher, Ryan Kathleen
245 ## - TITLE STATEMENT
Title Geriatric Symptom Assessment and Management
Remainder of title : Gastrointestinal
Statement of responsibility, etc. / by: Mosby
260 ## - PUBLICATION, DISTRIBUTION, ETC.
Place of publication, distribution, etc. St. Louis
Name of publisher, distributor, etc. Mosby
Date of publication, distribution, etc. 1998
300 ## - PHYSICAL DESCRIPTION
Extent 30 p.
Other physical details ill
650 #0 - SUBJECT ADDED ENTRY--TOPICAL TERM
9 (RLIN) 638
Topical term or geographic name entry element Geriatrics
653 ## - INDEX TERM--UNCONTROLLED
Uncontrolled term გერიატრია
942 ## - ADDED ENTRY ELEMENTS (KOHA)
Source of classification or shelving scheme
Koha item type Books
Holdings
Withdrawn status Lost status Source of classification or shelving scheme Damaged status Not for loan Permanent location Current location Date acquired Inventory number Total Checkouts Full call number Barcode Date last seen Price effective from Koha item type
          Ken Walker International University Ken Walker International University 12/29/2020 2369   612.67 F-66 2369 12/29/2020 12/29/2020 Books

Powered by Koha